Frankenstein / (Record no. 48404)
| 000 -LEADER | |
|---|---|
| fixed length control field | 00877nam a2200217 4500 |
| 040 ## - CATALOGING SOURCE | |
| Original cataloging agency | DLC |
| Transcribing agency | DLC |
| Modifying agency | DLC |
| 042 ## - AUTHENTICATION CODE | |
| Authentication code | lcac |
| 050 00 - LIBRARY OF CONGRESS CALL NUMBER | |
| Classification number | PZ7.M4784548 |
| Item number | Fra 2006 |
| 082 00 - DEWEY DECIMAL CLASSIFICATION NUMBER | |
| Classification number | [Fic] |
| Edition number | 22 |
| 100 1# - MAIN ENTRY--PERSONAL NAME | |
| Personal name | McFadden, Deanna, |
| Relator term | author. |
| 9 (RLIN) | 61738 |
| 245 10 - TITLE STATEMENT | |
| Title | Frankenstein / |
| Statement of responsibility, etc | retold from the Mary Shelley original by Deanna McFadden ; illustrated by Jamel Akib. |
| 260 ## - PUBLICATION, DISTRIBUTION, ETC. (IMPRINT) | |
| Place of publication, distribution, etc | New York : |
| Name of publisher, distributor, etc | Sterling Pub., |
| Date of publication, distribution, etc | 2006. |
| 300 ## - PHYSICAL DESCRIPTION | |
| Extent | v, 153 p. : |
| Other physical details | ill. ; |
| Dimensions | 20 cm. |
| 490 ## - SERIES STATEMENT | |
| Series statement | Classic starts |
| 520 ## - SUMMARY, ETC. | |
| Summary, etc | An abriged version of the novel in which a monster assembled by a scientist from parts of dead bodies develops a mind of his own as he learns to loathe himself and hate his creator. |
| 650 #1 - SUBJECT ADDED ENTRY--TOPICAL TERM | |
| Topical term or geographic name as entry element | Monsters |
| Form subdivision | Fiction. |
| 650 #1 - SUBJECT ADDED ENTRY--TOPICAL TERM | |
| Topical term or geographic name as entry element | Horror stories. |
| 700 ## - ADDED ENTRY--PERSONAL NAME | |
| Personal name | Akib, Jamel, |
| Relator term | ill. |
| 9 (RLIN) | 86039 |
| 700 ## - ADDED ENTRY--PERSONAL NAME | |
| Personal name | Shelley, Mary Wollstonecraft, |
| Dates associated with a name | 1797-1851. |
| Title of a work | Frankenstein. |
| 9 (RLIN) | 11331 |
| 942 ## - ADDED ENTRY ELEMENTS (KOHA) | |
| Source of classification or shelving scheme | |
| Koha item type | Book |
| Withdrawn status | Lost status | Source of classification or shelving scheme | Damaged status | Not for loan | Home library | Current library | Date acquired | Total Checkouts | Full call number | Barcode | Date last seen | Date checked out | Price effective from | Koha item type |
|---|---|---|---|---|---|---|---|---|---|---|---|---|---|---|
| Logos International School | Logos International School | 02/10/2025 | 2 | J FIC MCF | 040353 | 03/12/2026 | 03/05/2026 | 02/10/2025 | Book |